000 00941cam a2200313 4500
008 090401t1994 xxu||||| |||| 00| 0 eng d
020 _a1874059144
035 _a(Sirsi) u68883
041 _aeng
050 _a338.70285
110 _aAssociation for Geographic Information
_9166
245 _aBroadening your horizons : AGI 94, 15-17 November 1994, International Convention Centre, Birmingham ... conference papers.
260 _aLondon
_bAssociation for Geographic Information
_c1994
300 _a1v.(loose-leaf) ; 30cm.
350 _a65
520 _aConference organised by Westrade Fairs Ltd.
650 _aCAREERS, EDUCATION AND TRAINING
650 _aGIS
650 _aGIS DATABASES
650 _aHYDROLOGY
650 _aLOCAL AUTHORITIES
650 _aMARKETING
650 _aMARKETS
650 _aPHOTOGRAMMETRY
650 _aTECHNOLOGY
690 _aLAND SURVEYING
942 _n0
948 _c04/03/1997
999 _c95142
_d95142